000 00523nam a2200181Ia 4500
003 OSt
005 20200307132352.0
008 190216s9999||||xx |||||||||||||| ||und||
020 _a9812532145
040 _coclc
082 _a337
_bSAL/I
100 _aSalvatore, Dominick
_9459
245 0 _aIntroduction To International Economics /
_c Dominick Salvatore
260 _bJohn Wiley And Sons,
_c2004.
_aIndia:
300 _a480p
650 _aEconomics
942 _cBK
_2ddc
_h337
_iSAL/I
_k337
_mSAL/I
999 _c11188
_d11188